Statistiques concernant Orthographe - Corrigez ces mots

Cliquez ici pour prendre le quiz!

Statistiques générales

  • Ce quiz a été pris 394 fois
  • Le résultat moyen est 12 sur 15

Statistiques - réponses

Mot en sms Bonne orthographe % Correct
chantiyiChantilly
96%
kontratakContre-attaque
95%
patolojikPathologique
94%
omonimHomonyme
94%
arièrepensséArrière-pensée
92%
komissèreCommissaire
91%
oméopatiHoméopathie
90%
ipokanpeHippocampe
90%
sinkronizassionSynchronisation
88%
échapatwarEchappatoire
84%
245 000Deux cent quarante-cinq mille
71%
yautYacht
67%
kafarnahumCapharnaüm
56%
léjyonélozLégionellose
40%
Q béniCul-bénit
36%

Distribution des résultats

Percentile by Number Answered

% des personnes avec chaque résultat

Votre développement - résultats

Vous n’avez pas pris ce quiz